[Event "Guillermo Garcia Memorial op 28th"]
[Site "Santa Clara"]
[Date "2019.04.23"]
[Round "1"]
[White "Moreno del Pozo, Orlando"]
[Black "Espinoza, Villanueva Rodrig"]
[Result "1-0"]
[WhiteElo "2231"]
[BlackElo "1913"]
[PlyCount "87"]
[EventDate "2019.04.23"]
[EventType "swiss"]
[EventRounds "9"]
[EventCountry "CUB"]
[SourceTitle "EXT 2020"]
[Source "ChessBase"]
[SourceDate "2019.10.17"]
[SourceVersion "1"]
[SourceVersionDate "2019.10.17"]
[SourceQuality "1"]

1. e4 e6 2. d3 d5 3. Nd2 Nf6 4. g3 c5 5. Bg2 Be7 6. Ngf3 Nc6 7. 0-0 0-0 8. Re1 b5 9. e5 Nd7 10. Nf1 Qb6 11. h4 a5 12. N1h2 Ba6 13. Bf4 a4 14. Ng5 Nd4 15. c3 Nf5 16. a3 b4 17. axb4 cxb4 18. Rxa4 bxc3 19. bxc3 Nc5 20. Rb4 Qa5 21. Bf1 h6 22. Ngf3 Nxd3 23. Bxd3 Bxd3 24. Qxd3 Bxb4 25. cxb4 Qxb4 26. Bd2 Qe7 27. Kg2 Rfc8 28. Rb1 Rc4 29. Qb3 Raa4 30. Qb8+ Qf8 31. Nf1 Qxb8 32. Rxb8+ Kh7 33. Rb7 Kg8 34. Rb8+ Kh7 35. Rf8 Rc7 36. h5 Nd4 37. Be3 Nf5 38. Bf4 Rd7 39. N1d2 Rb7 40. Ng1 Rb2 41. Ndf3 Rb7 42. Nh3 Nd4 43. Nhg5+ hxg5 44. Nxg5+ 1-0